Business communication today. / (Record no. 1354)

MARC details
000 -LEADER
fixed length control field 01666nam a22001577a 4500
008 - FIXED-LENGTH DATA ELEMENTS--GENERAL INFORMATION
fixed length control field 120614t xxu||||| |||| 00| 0 eng d
020 ## - INTERNATIONAL STANDARD BOOK NUMBER
International Standard Book Number 0131968734
050 ## - LIBRARY OF CONGRESS CALL NUMBER
Classification number HF5718.B66
100 ## - MAIN ENTRY--PERSONAL NAME
Personal name Bovee, Courtland L.
245 ## - TITLE STATEMENT
Title Business communication today. /
Statement of responsibility, etc. Courtland, Bovee L.
260 ## - PUBLICATION, DISTRIBUTION, ETC.
Place of publication, distribution, etc. U.S.A.:
Name of publisher, distributor, etc. Pearson,
Date of publication, distribution, etc. 2005.
300 ## - PHYSICAL DESCRIPTION
Extent xxiii, 585 p.:
Other physical details ill.;
Dimensions 26cm.
505 ## - FORMATTED CONTENTS NOTE
Formatted contents note Contents: Understanding Through Foundations Of Business Communication : Achieving success through effective communication -- Communicating in teamsand mastering and nonverbal communicating -- Communicating interculturally -- Applying the three - Step Writing Process: Planning business messages -- Writing business messages -- Completing business messages -- Writing, Letters, Memos, E- mails, and instant Messages: Writing routine and positive messages -- Writing negative messages -- Writing persuasive messages -- Finding and Communicating Information : Finding, evaluating and processing information -- Communicating information through visuals -- Planning, Writing, and Completing Reports and Proposals : Planning reports and proposals -- Writing reports and proposals -- Completing reports and proposals -- Designing and delivering oral presentation; Planning, writing and completing oral presentations -- Enhancing presentations with slides and transparencies -- Writing employment messages and interviewing for jobs: Building careers and writing resumes -- Applying and interviewing for employment -- Appendix A: Format and layout of business documents -- Appendix B: Documentation of report sources -- Appendix C: Correction symbols
700 ## - ADDED ENTRY--PERSONAL NAME
Personal name Thill, John V.
942 ## - ADDED ENTRY ELEMENTS (KOHA)
Source of classification or shelving scheme Library of Congress Classification
Koha item type Books
Holdings
Withdrawn status Lost status Source of classification or shelving scheme Damaged status Not for loan Home library Current library Shelving location Date acquired Total Checkouts Full call number Barcode Date last seen Price effective from Koha item type
    Library of Congress Classification     WISCONSIN INTERNATIONAL UNIVERSITY COLLEGE, GHANA - MAIN LIBRARY WISCONSIN INTERNATIONAL UNIVERSITY COLLEGE, GHANA - MAIN LIBRARY General Stacks 15/06/2012   HF5718.B66 3552/12 15/06/2012 15/06/2012 Books

If you have any concerns or questions; kindly contact the library


© Powered by WIUC ICT DIRECTORATE